Mogli e concubine /

Uloženo v:
Podrobná bibliografie
Hlavní autor: Su Tong (Autor)
Další autoři: Masci, Maria Rita
Médium: Kniha
Jazyk:italština
Vydáno: Roma \etc.! : Theoria, 1992
Edice:Letterature ; 37
Tagy: Přidat tag
Žádné tagy, Buďte první, kdo vytvoří štítek k tomuto záznamu!

MARC

LEADER 00000nam a2200000 i 4500
001 IT\ICCU\RAV\0192439
003 ItRI
005 20260115231904.0
008 920618s1992 it |||||| ||||| |||||c
015 |2 IT  |a 92-10990 
020 |a 8824102719 
040 |b ita  |c importazione bologna sebina 
041 7 |a ita  |2 ISO-639-2 
082 |a 895.1  |9 LETTERATURA CINESE  |2 11 
100 0 |a Su Tong  |0 IT\ICCU\RAVV\075574  |4 aut 
240 1 0 |a Qiqie chengqun  |3 IT\ICCU\RAV\0192442  |9 Su Tong 
245 1 0 |a Mogli e concubine /  |c Su Tong ; traduzione dal cinese e cura di Maria Rita Masci. 
260 |a Roma \etc.! :  |b Theoria,  |c 1992 
300 |a 94 p. ;  |c 22 cm. 
700 1 |a Masci, Maria Rita  |0 IT\ICCU\CFIV\109704 
790 1 |a Su, Tung  |3 IT\ICCU\CFIV\134665  |z Su Tong 
790 1 |a Tong, Su  |3 IT\ICCU\CFIV\141038  |z Su Tong 
790 1 |a Tong, Zhonggui  |3 IT\ICCU\CFIV\186288  |z Su Tong 
790 1 |a Tung, Su  |3 IT\ICCU\CFIV\141043  |z Su Tong 
830 0 |a Letterature ;  |v 37  |0 IT\ICCU\CFI\0161530 
942 |2 ddc  |c BK  |n 0 
952 |0 0  |1 0  |4 0  |6 DOC_895_135000000000000_TON  |7 0  |9 15440  |a BO  |b BO  |d 2026-01-15  |i 8565  |l 0  |o DOC 895.135 TON  |p BO8565  |r 2026-01-15 23:19:04  |w 2026-01-15  |x [Sebina 5] [1 v.]  |y BK  |z 1 v. 
999 |c 13293  |d 13293